| 000 -LEADER |
| fixed length control field |
00586nam a22001337a 4500 |
| 008 - FIXED-LENGTH DATA ELEMENTS--GENERAL INFORMATION |
| fixed length control field |
240605b ||||| |||| 00| 0 eng d |
| 100 ## - MAIN ENTRY--PERSONAL NAME |
| Personal name |
Villoria, Manuel |
| 245 ## - TITLE STATEMENT |
| Title |
Political corruption. The internal enemy of public institutions. by Emanuela Ceva, Maria Paola Ferrety, oxford: Oxford university press. 2021. pp. 217. $24.81 (hardcover). ISBN: 9780197567869 (hardback); ISBN: 9780197567883 (epub) |
| 260 ## - PUBLICATION, DISTRIBUTION, ETC. (IMPRINT) |
| Place of publication, distribution, etc |
Public Administration Review |
| 300 ## - PHYSICAL DESCRIPTION |
| Extent |
84(1), Jan-Feb, 2024: p.186-187 |
| 773 ## - HOST ITEM ENTRY |
| Main entry heading |
Public Administration Review |
| 906 ## - LOCAL DATA ELEMENT F, LDF (RLIN) |
| Subject DIP |
BOOK REVIEW |
| 942 ## - ADDED ENTRY ELEMENTS (KOHA) |
| Item type |
Articles |